|
|
|
|
| LEADER |
00000nlm0a2200000 4500 |
| 001 |
132955 |
| 005 |
20231031135146.0 |
| 035 |
|
|
|a (RuTPU)RU\TPU\book\143969
|
| 090 |
|
|
|a 132955
|
| 100 |
|
|
|a 20080311d2008 k y0rusy50 ca
|
| 101 |
0 |
|
|a rus
|
| 102 |
|
|
|a RU
|
| 105 |
|
|
|a a dm 001zy
|
| 135 |
|
|
|a drbn ---uucaa
|
| 181 |
|
0 |
|a i
|
| 182 |
|
0 |
|a b
|
| 200 |
1 |
|
|a Фтороаммонийное разделение многокомпонентных силикатных систем на индивидуальные оксиды
|b Электронный ресурс
|e автореферат диссертации на соискание ученой степени кандидата химических наук
|f Р. И. Крайденко
|g Томский политехнический университет (ТПУ) ; науч. рук. А. Н. Дьяченко
|e спец. 05.17.02
|
| 203 |
|
|
|a Текст
|c электронный
|
| 210 |
|
|
|a Томск
|c [Б. и.]
|d 2008
|
| 215 |
|
|
|a 1 файл (510 Kb)
|
| 230 |
|
|
|a Электронные текстовые данные (1 файл : 510 Kb)
|
| 300 |
|
|
|a Заглавие с титульного экрана
|
| 300 |
|
|
|a Электронная версия печатной публикации
|
| 337 |
|
|
|a Adobe Reader
|
| 452 |
|
1 |
|0 (RuTPU)RU\TPU\book\142474
|t Фтороаммонийное разделение многокомпонентных силикатных систем на индивидуальные оксиды
|o автореферат диссертации на соискание ученой степени кандидата химических наук
|o спец. 05.17.02
|f Р. И. Крайденко
|g Томский политехнический университет (ТПУ) ; науч. рук. А. Н. Дьяченко
|c Томск
|n Б.и.
|d 2008
|p 21 с.
|a Крайденко, Роман Иванович
|
| 610 |
1 |
|
|a техногенные силикаты
|
| 610 |
1 |
|
|a классификация
|
| 610 |
1 |
|
|a происхождение
|
| 610 |
1 |
|
|a переработка
|
| 610 |
1 |
|
|a утилизация
|
| 610 |
1 |
|
|a применение
|
| 610 |
1 |
|
|a фторидная технология
|
| 610 |
1 |
|
|a оксид алюминия
|
| 610 |
1 |
|
|a оксид железа
|
| 610 |
1 |
|
|a оксид кремния
|
| 610 |
1 |
|
|a оксид кальция
|
| 610 |
1 |
|
|a оксид титана
|
| 610 |
1 |
|
|a оксид марганца
|
| 610 |
1 |
|
|a оксид никеля
|
| 610 |
1 |
|
|a оксид меди
|
| 610 |
1 |
|
|a оксид олова
|
| 610 |
1 |
|
|a гидродифторид аммония
|
| 610 |
1 |
|
|a взаимодействие
|
| 610 |
1 |
|
|a Томская ГРЭС
|
| 610 |
1 |
|
|a золошлаки
|
| 610 |
1 |
|
|a переработка
|
| 610 |
1 |
|
|a авторефераты диссертаций
|
| 610 |
1 |
|
|a труды учёных ТПУ
|
| 610 |
1 |
|
|a электронный ресурс
|
| 675 |
|
|
|a 666(04)
|v 3
|
| 686 |
|
|
|a 05.17.02
|2 oksvnk
|
| 700 |
|
1 |
|a Крайденко
|b Р. И.
|c химик-технолог
|c доцент Томского политехнического университета, старший научный сотрудник, кандидат химических наук
|f 1983-
|g Роман Иванович
|2 stltpush
|3 (RuTPU)RU\TPU\pers\26383
|
| 702 |
|
1 |
|a Дьяченко
|b А. Н.
|c химик-технолог
|c профессор Томского политехнического университета, доктор технических наук
|f 1977-
|g Александр Николаевич
|2 stltpush
|3 (RuTPU)RU\TPU\pers\27691
|4 727
|
| 712 |
0 |
2 |
|a Томский политехнический университет (ТПУ)
|2 stltpush
|3 (RuTPU)RU\TPU\col\376
|
| 801 |
|
1 |
|a RU
|b 63413507
|c 20080311
|g PSBO
|
| 801 |
|
2 |
|a RU
|b 63413507
|c 20151117
|g RCR
|
| 856 |
4 |
|
|u http://www.lib.tpu.ru/fulltext/a/2008/1.pdf
|
| 942 |
|
|
|c CF
|